[Event "V Festival Mare di Fano A"]
[Site "Fano ITA"]
[Date "2016.08.02"]
[Round "5"]
[White "Sala, Sergio"]
[Black "Di Chiara, Mauro"]
[WhiteElo "1919"]
[BlackElo "1934"]
[Result "1/2-1/2"]
[PlyCount "161"]
[EventDate "2016.07.30"]

1. e4 c5 2. Nc3 Nc6 3. g3 g6 4. Bg2 Bg7 5. d3 d6 6. Be3 e6 7. Qd2 Nd4 8. Nge2
Ne7 9. Nd1 O-O 10. c3 Nxe2 11. Qxe2 Rb8 12. a4 b6 13. d4 cxd4 14. cxd4 Bb7 15.
O-O Nc6 16. Qd2 Na5 17. Qd3 Rc8 18. b3 Nc6 19. Qd2 a5 20. Nc3 Nb4 21. Rfc1 Ba6
22. Bf1 Bxf1 23. Kxf1 d5 24. e5 f6 25. exf6 Bxf6 26. Nb5 Qd7 27. Bh6 Rxc1+ 28.
Rxc1 Rc8 29. Bf4 Rxc1+ 30. Qxc1 Qc6 31. Qxc6 Nxc6 32. Be3 Kf7 33. Ke2 Ke7 34.
Kd3 Kd7 35. Bd2 e5 36. dxe5 Nxe5+ 37. Ke2 Nf7 38. Be3 Kc6 39. Na7+ Kb7 40. Nb5
Be5 41. h3 Nd6 42. Nd4 Bxd4 43. Bxd4 Ne4 44. Be5 Nc5 45. f4 Kc6 46. g4 Nxb3 47.
f5 gxf5 48. gxf5 Nc5 49. f6 Kd7 50. Ke3 Ke6 51. Kd4 Nxa4 52. f7 Kxf7 53. Kxd5
Nc5 54. Kc6 Ke6 55. Bc7 Nd7 56. Kb5 h5 57. Bd8 Kd6 58. Bg5 Kd5 59. Be7 Ke5 60.
Kc6 Ke6 61. Ba3 Ne5+ 62. Kb5 Kd5 63. Be7 Nc4 64. Bf6 Nd6+ 65. Kxb6 a4 66. Ka5
a3 67. Kb4 a2 68. Kb3 Ke6 69. Ba1 Kf5 70. Kxa2 Kg5 71. Kb1 Ne4 72. Kc1 Kh4 73.
Kd1 Kxh3 74. Ke2 Kg2 75. Ke3 Ng5 76. Bf6 Nh7 77. Bd8 Nf8 78. Be7 Ne6 79. Ke4
Kg3 80. Kf5 Ng7+ 81. Kg6 1/2-1/2

[Event "V Festival Mare di Fano A"]
[Site "Fano ITA"]
[Date "2016.08.02"]
[Round "5"]
[White "Setyaki, Azarya Jodi"]
[Black "Szukics, Adam"]
[WhiteElo "2325"]
[BlackElo "2140"]
[Result "1/2-1/2"]
[PlyCount "83"]
[EventDate "2016.07.30"]

1. e4 e5 2. Nf3 Nc6 3. Bb5 a6 4. Ba4 Nf6 5. d3 b5 6. Bb3 Be7 7. Nc3 d6 8. a3
Bg4 9. Be3 Nd4 10. Bxd4 exd4 11. Nd5 O-O 12. O-O c6 13. h3 Bxf3 14. Nxf6+ Bxf6
15. Qxf3 Qd7 16. Qh5 g6 17. Qf3 Be5 18. Qe2 Bg7 19. h4 Rae8 20. Qf3 Be5 21. Qd1
Bg7 22. h5 Kh8 23. f4 Qe7 24. a4 Qh4 25. axb5 axb5 26. Ra7 Re7 27. Rxe7 Qxe7
28. g3 g5 29. Qg4 Bh6 30. fxg5 Bxg5 31. Kg2 Bf6 32. Qf5 Be5 33. Bxf7 c5 34. Rf3
b4 35. Kh3 Bg7 36. g4 Bh6 37. Qd5 Kg7 38. g5 Bxg5 39. Rf5 h6 40. Bg6 Rf6 41.
Rxf6 Bxf6 42. Qf5 1/2-1/2

[Event "V Festival Mare di Fano A"]
[Site "Fano ITA"]
[Date "2016.08.02"]
[Round "5"]
[White "Varvaglione, Antonio"]
[Black "Khadijah, Qurota'ain"]
[WhiteElo "2189"]
[BlackElo "1996"]
[Result "1/2-1/2"]
[PlyCount "80"]
[EventDate "2016.07.30"]

1. e4 c5 2. Nf3 d6 3. d4 cxd4 4. Nxd4 Nf6 5. Nc3 a6 6. Bc4 e6 7. Bb3 Nbd7 8.
O-O Nc5 9. Re1 Qc7 10. a4 Nxb3 11. Nxb3 b6 12. a5 b5 13. Bf4 Bb7 14. Qd3 Be7
15. Rad1 Rd8 16. f3 O-O 17. Rd2 Qc6 18. Red1 d5 19. e5 Nd7 20. Ne2 Qc7 21. Qd4
Nc5 22. Nec1 Nd7 23. Nd3 Nb8 24. Be3 Rc8 25. Qa7 Nc6 26. Qb6 f6 27. Qxc7 Rxc7
28. Bb6 Rd7 29. Nbc5 Bxc5+ 30. Bxc5 Rc8 31. exf6 gxf6 32. b4 e5 33. Nf2 Nd8 34.
Ne4 Rf7 35. Bb6 Ne6 36. Bc5 Rd8 37. Bb6 Rc8 38. Bc5 Rd8 39. Bb6 Rc8 40. Bc5 Rd8
1/2-1/2

[Event "V Festival Mare di Fano A"]
[Site "Fano ITA"]
[Date "2016.08.02"]
[Round "5"]
[White "Weichhold, Pawel"]
[Black "Urkedal, Frode"]
[WhiteElo "2387"]
[BlackElo "2557"]
[Result "1/2-1/2"]
[PlyCount "79"]
[EventDate "2016.07.30"]

1. a3 Nf6 2. Nf3 g6 3. g3 Bg7 4. Bg2 O-O 5. O-O d5 6. d3 b6 7. Nc3 Bb7 8. e4
dxe4 9. Ng5 c5 10. Ngxe4 Nxe4 11. Nxe4 Qd7 12. Rb1 f5 13. Ng5 Bxg2 14. Kxg2 h6
15. Nf3 Nc6 16. b4 cxb4 17. axb4 e5 18. b5 Nd4 19. c4 Qb7 20. Bb2 Rad8 21. Bxd4
Rxd4 22. Kg1 Rd7 23. Qe2 Re8 24. Nh4 Kh7 25. Ng2 e4 26. Rfd1 Rd4 27. Rbc1 Qf7
28. Qf1 exd3 29. Rxd3 Rxc4 30. Rxc4 Qxc4 31. Rd7 Qxf1+ 32. Kxf1 g5 33. h4 Re5
34. hxg5 hxg5 35. f4 Rxb5 36. fxg5 a5 37. Nf4 Re5 38. Nh5 Kg6 39. Nf4+ Kh7 40.
Nh5 1/2-1/2

[Event "V Festival Mare di Fano A"]
[Site "Fano ITA"]
[Date "2016.08.02"]
[Round "5"]
[White "Wieczorek, Oskar"]
[Black "Matsenko, Andrei"]
[WhiteElo "2458"]
[BlackElo "2327"]
[Result "1-0"]
[PlyCount "73"]
[EventDate "2016.07.30"]

1. e4 c6 2. d4 d5 3. Nd2 dxe4 4. Nxe4 Nf6 5. Nxf6+ exf6 6. c3 Bd6 7. Bd3 O-O 8.
Qc2 Re8+ 9. Ne2 h6 10. Be3 Nd7 11. O-O-O Qc7 12. Kb1 c5 13. c4 a6 14. Nc3 cxd4
15. Nd5 Qd8 16. Bxd4 Bc5 17. Nxf6+ Nxf6 18. Bxc5 Qc7 19. Bd4 Qc6 20. f3 b6 21.
Qc3 Bb7 22. Bxf6 Qxf6 23. Qxf6 gxf6 24. Rhe1 Kf8 25. Rxe8+ Rxe8 26. Kc2 Re5 27.
Bf1 Ke7 28. Rd2 Rh5 29. h3 Bc6 30. b4 a5 31. a3 axb4 32. axb4 Re5 33. Re2 Kd6
34. Kd3 h5 35. f4 Rxe2 36. Kxe2 h4 37. Kf2 1-0

[Event "V Festival Mare di Fano A"]
[Site "Fano ITA"]
[Date "2016.08.03"]
[Round "6"]
[White "Aris, T.L.S."]
[Black "Setyaki, Azarya Jodi"]
[WhiteElo "2162"]
[BlackElo "2325"]
[Result "0-1"]
[PlyCount "44"]
[EventDate "2016.07.30"]

1. e4 c5 2. Nf3 g6 3. d4 cxd4 4. Nxd4 Nc6 5. Nc3 Bg7 6. Be3 Nf6 7. f3 O-O 8.
Qd2 d5 9. Nxc6 bxc6 10. Bc5 Re8 11. exd5 Nxd5 12. Nxd5 cxd5 13. Bb5 Bd7 14.
Bxd7 Qxd7 15. c3 Qb5 16. Ba3 Rac8 17. O-O-O d4 18. c4 Rxc4+ 19. Kb1 Rc3 20. b3
Qf5+ 21. Ka1 d3 22. Bb2 Rc2 0-1

[Event "V Festival Mare di Fano A"]
[Site "Fano ITA"]
[Date "2016.08.03"]
[Round "6"]
[White "Aulia, Virda Rizka"]
[Black "Altieri, Danilo Mario"]
[WhiteElo "1918"]
[BlackElo "2037"]
[Result "0-1"]
[PlyCount "144"]
[EventDate "2016.07.30"]

1. e4 d6 2. Nf3 Nf6 3. d3 g6 4. g3 Bg7 5. Bg2 O-O 6. O-O e5 7. Nc3 Be6 8. h3 c6
9. Qe2 h6 10. Kh2 Nbd7 11. Ne1 Nh5 12. Be3 Nb6 13. Qd2 g5 14. Qd1 Nf6 15. f4
exf4 16. gxf4 gxf4 17. Bxf4 d5 18. e5 Nfd7 19. Qh5 Kh7 20. Nf3 f6 21. exf6 Nxf6
22. Ng5+ Kg8 23. Nxe6 Nxh5 24. Nxd8 Nxf4 25. Nxb7 Be5 26. Kh1 Rf7 27. Na5 Rc8
28. Rae1 Bd6 29. Nb3 Rg7 30. Rg1 Nh5 31. Ne2 Rf8 32. Ref1 Rxf1 33. Bxf1 Rxg1+
34. Kxg1 Na4 35. Nbd4 Bc5 36. b3 Nc3 37. Kg2 Nf4+ 38. Nxf4 Bxd4 39. a4 Nd1 40.
Be2 Ne3+ 41. Kf3 Nxc2 42. Kg4 Kf7 43. Kh5 Be3 44. Ng2 Bd2 45. Nh4 Nd4 46. Bd1
Kf6 47. Kg4 a5 48. Nf3 Nxf3 49. Kxf3 Ke5 50. Ke2 Bg5 51. Bc2 Kd4 52. Bd1 Kc3
53. Ke1 Kxd3 54. Bg4 Kc3 55. Kd1 Kxb3 56. Bd7 c5 57. Be6 Kc4 58. Kc2 Kd4 59.
Kb3 Bd2 60. Bf7 Ke4 61. Bg8 Bb4 62. Bf7 c4+ 63. Kc2 Be1 64. Bg8 Kd4 65. Be6 Kc5
66. Bf7 d4 67. Bg6 Kb4 68. Be8 Bg3 69. Bb5 Bf4 70. Kb2 Be5 71. Kc2 d3+ 72. Kd1
Kc3 0-1

[Event "V Festival Mare di Fano A"]
[Site "Fano ITA"]
[Date "2016.08.03"]
[Round "6"]
[White "Brancaleoni, Maurizio"]
[Black "Esposti, Federico"]
[WhiteElo "2229"]
[BlackElo "2063"]
[Result "1-0"]
[PlyCount "71"]
[EventDate "2016.07.30"]

1. Nf3 d5 2. g3 Nf6 3. Bg2 Bf5 4. c4 c6 5. O-O Nbd7 6. cxd5 cxd5 7. d4 e6 8.
Qb3 Qb6 9. Qxb6 Nxb6 10. Nc3 Be7 11. Bf4 O-O 12. Nh4 Bg4 13. h3 Bh5 14. g4 Nfd7
15. Nf5 exf5 16. gxh5 Nf6 17. Bg5 h6 18. Bxf6 Bxf6 19. e3 f4 20. Bxd5 fxe3 21.
fxe3 Bg5 22. Rf3 Nxd5 23. Nxd5 Rfe8 24. Kf2 Rac8 25. Nc3 b5 26. Ke2 b4 27. Na4
f5 28. Kd3 f4 29. e4 Red8 30. e5 Kf7 31. h4 Be7 32. Rg1 Bf8 33. Rxf4+ Ke6 34.
Rg6+ Ke7 35. Ra6 Rc7 36. Rd6 1-0

[Event "V Festival Mare di Fano A"]
[Site "Fano ITA"]
[Date "2016.08.03"]
[Round "6"]
[White "Cirelli, Alessandro"]
[Black "Sala, Sergio"]
[WhiteElo "1935"]
[BlackElo "1919"]
[Result "1/2-1/2"]
[PlyCount "98"]
[EventDate "2016.07.30"]

1. e4 Nf6 2. e5 Nd5 3. d4 d6 4. Nf3 Bg4 5. c4 Nb6 6. exd6 cxd6 7. b3 g6 8. Bb2
Bg7 9. Be2 O-O 10. O-O Nc6 11. Na3 d5 12. c5 Nd7 13. h3 Bxf3 14. Bxf3 Nxc5 15.
Rc1 Ne6 16. Nc2 Ng5 17. Be2 Ne4 18. Bf3 Nf6 19. Re1 e6 20. h4 Rc8 21. Qd3 a6
22. g3 Re8 23. Kg2 h5 24. a3 Qd6 25. Ne3 Ne7 26. Rcd1 Rc7 27. Re2 Rec8 28. Kh3
Bh6 29. Rg1 Qd7 30. Kh2 Kg7 31. Rg2 Rh8 32. Kg1 Nc8 33. Re1 Nd6 34. Bd1 Qb5 35.
Qxb5 Nxb5 36. f3 Nc3 37. Bc2 Rhc8 38. Bd3 Bxe3+ 39. Rxe3 Nd1 40. Re1 Nxb2 41.
Rxb2 Rc3 42. Rd1 Rc1 43. Rxc1 Rxc1+ 44. Kf2 Kf8 45. Rc2 Rxc2+ 46. Bxc2 Ke7 47.
Ke3 Kd6 48. Kf4 Ke7 49. g4 hxg4 1/2-1/2

[Event "V Festival Mare di Fano A"]
[Site "Fano ITA"]
[Date "2016.08.03"]
[Round "6"]
[White "Csonka, Attila Istvan"]
[Black "Rigo, Janos"]
[WhiteElo "2316"]
[BlackElo "2243"]
[Result "1/2-1/2"]
[PlyCount "84"]
[EventDate "2016.07.30"]

1. e4 c5 2. Nf3 Nc6 3. d4 cxd4 4. Nxd4 Nf6 5. Nc3 g6 6. Nb3 Bg7 7. Be2 O-O 8.
O-O e6 9. Bf3 Ne5 10. Bf4 Nxf3+ 11. Qxf3 d5 12. exd5 Nxd5 13. Rad1 Qf6 14. Nxd5
exd5 15. c3 g5 16. Be3 Qxf3 17. gxf3 h6 18. Rxd5 Be6 19. Rd2 a5 20. Nc5 Bxa2
21. Ra1 Bc4 22. Nxb7 a4 23. Bd4 Rfb8 24. Nc5 Bb5 25. Bxg7 Kxg7 26. Rd6 Be2 27.
Rxa4 Bxf3 28. Rxa8 Rxa8 29. Ra6 Rd8 30. Ra1 Rd2 31. Rb1 Bd5 32. b3 g4 33. c4
Bf3 34. b4 Rc2 35. Nb3 Rxc4 36. Nd2 Rc6 37. b5 Rb6 38. Nxf3 gxf3 39. h3 f5 40.
Kh2 f4 41. Rb4 Kg6 42. Rxf4 Rxb5 1/2-1/2

[Event "V Festival Mare di Fano A"]
[Site "Fano ITA"]
[Date "2016.08.03"]
[Round "6"]
[White "Cuhendi, Sean Winshand"]
[Black "Getz, Nicolai"]
[WhiteElo "2395"]
[BlackElo "2461"]
[Result "1/2-1/2"]
[PlyCount "102"]
[EventDate "2016.07.30"]

1. d4 Nf6 2. Bf4 e6 3. e3 b6 4. Nf3 Bb7 5. Bd3 Be7 6. Nbd2 Nh5 7. Bg3 d6 8. c3
Nd7 9. Qe2 a6 10. a4 c5 11. Be4 Nxg3 12. hxg3 Bxe4 13. Nxe4 d5 14. Ned2 cxd4
15. exd4 b5 16. Qd3 h6 17. axb5 axb5 18. O-O b4 19. Rxa8 Qxa8 20. Qb5 Qb8 21.
Qa4 Bd6 22. c4 dxc4 23. Nxc4 Ke7 24. Na5 Qc7 25. Nc6+ Kf6 26. Re1 Nb6 27. Qc2
Nd5 28. Nfe5 g6 29. Ra1 Rc8 30. Qe2 Bxe5 31. Ra7 Bxg3 32. Rxc7 Rxc7 33. Qb5 Bd6
34. g3 h5 35. Kg2 g5 36. Ne5 Bxe5 37. dxe5+ Kxe5 38. Qe2+ Kd6 39. Qxh5 f6 40.
Qg6 Rc4 41. Qd3 Kc5 42. Qc2 g4 43. Qa4 Kd4 44. Qd1+ Ke5 45. Qe2+ Re4 46. Qd2 f5
47. Qd1 Rd4 48. Qe2+ Kd6 49. Qc2 Re4 50. Qa4 Kc5 51. Qc2+ Kd4 1/2-1/2

[Event "V Festival Mare di Fano A"]
[Site "Fano ITA"]
[Date "2016.08.03"]
[Round "6"]
[White "Di Chiara, Mauro"]
[Black "Lavorgna, Filippo"]
[WhiteElo "1934"]
[BlackElo "1849"]
[Result "1-0"]
[PlyCount "101"]
[EventDate "2016.07.30"]

1. Nf3 Nf6 2. c4 e6 3. Nc3 d5 4. d4 Be7 5. cxd5 exd5 6. Bg5 c6 7. Qc2 O-O 8. e3
Nbd7 9. Bd3 Re8 10. O-O Nf8 11. h3 g6 12. Rab1 Ne6 13. Bh4 b6 14. Ne5 Bb7 15.
f4 c5 16. f5 gxf5 17. Bxf5 Rf8 18. Nxf7 Kxf7 19. Bxe6+ Kxe6 20. Qf5+ Kd6 21.
Bg3+ Kc6 22. Qe6+ Bd6 23. e4 Nxe4 24. Nxe4 dxe4 25. Rxf8 Qxf8 26. Rf1 Qe7 27.
d5+ Kb5 28. Bxd6 Qxe6 29. dxe6 Kc6 30. Bh2 Re8 31. Rf7 Ba6 32. Rc7+ Kd5 33.
Rxa7 Bb5 34. e7 Bc6 35. Bf4 b5 36. Kf2 Rc8 37. Ke3 Ke6 38. g4 Bd7 39. Bg5 Bc6
40. Ra6 Kd7 41. Ra7+ Ke6 42. h4 Kf7 43. h5 Ke8 44. Bf6 Ra8 45. Rxa8+ Bxa8 46.
g5 Bd5 47. g6 hxg6 48. h6 Bg8 49. b3 b4 50. Kxe4 Kd7 51. Ke5 1-0

[Event "V Festival Mare di Fano A"]
[Site "Fano ITA"]
[Date "2016.08.03"]
[Round "6"]
[White "Fisabilillah, Ummi"]
[Black "Corvi, Marco"]
[WhiteElo "2099"]
[BlackElo "2343"]
[Result "0-1"]
[PlyCount "134"]
[EventDate "2016.07.30"]

1. e4 Nf6 2. e5 Nd5 3. d4 d6 4. c4 Nb6 5. exd6 exd6 6. Bd3 Nc6 7. Ne2 Be7 8.
O-O O-O 9. Nbc3 Bf6 10. Be3 Nb4 11. b3 Nxd3 12. Qxd3 Bg4 13. Nf4 g6 14. Rfe1
Bg7 15. Qd2 Re8 16. Nfd5 Nxd5 17. Nxd5 Be6 18. Nc3 d5 19. c5 b6 20. b4 a5 21.
a3 bxc5 22. bxc5 Qd7 23. Bf4 Rab8 24. Rab1 Bf5 25. Rxb8 Rxb8 26. h3 Be6 27. Be3
Qc6 28. Qa2 h5 29. Rb1 Rb7 30. Rb2 Kh7 31. Qb1 Rxb2 32. Qxb2 Qa6 33. Qb5 Qxb5
34. Nxb5 c6 35. Nc3 g5 36. Ne2 Bc8 37. Kf1 Ba6 38. Ke1 Kg6 39. Kd2 f5 40. f3 f4
41. Bf2 Kf5 42. Ke1 g4 43. hxg4+ hxg4 44. Nc3 g3 45. Bg1 Bc4 46. a4 Bb3 47. Kd2
Bf6 48. Ke1 Bd8 49. Kd2 Bc7 50. Ke1 Ke6 51. Kd2 Kd7 52. Ke2 Kc8 53. Kd2 Kb7 54.
Ke2 Ka6 55. Kd2 Bc4 56. Ke1 Bd3 57. Nd1 Bc2 58. Nb2 Bxa4 59. Nxa4 Kb5 60. Nb2
a4 61. Nd3 a3 62. Nc1 Kc4 63. Kd2 Ba5+ 64. Kc2 Bc3 65. Na2 Bb2 66. Nc1 Bxc1 67.
Kxc1 Kd3 0-1

[Event "V Festival Mare di Fano A"]
[Site "Fano ITA"]
[Date "2016.08.03"]
[Round "6"]
[White "Khadijah, Qurota'ain"]
[Black "Maisuradze, Nino"]
[WhiteElo "1996"]
[BlackElo "2281"]
[Result "1/2-1/2"]
[PlyCount "103"]
[EventDate "2016.07.30"]

1. e4 c5 2. Nf3 a6 3. c4 Nc6 4. d4 cxd4 5. Nxd4 e5 6. Nf5 d6 7. Nc3 g6 8. Ne3
Bg7 9. Ned5 Nge7 10. Be3 O-O 11. Be2 Be6 12. O-O Rc8 13. Qd2 Nd4 14. Nxe7+ Qxe7
15. b3 f5 16. Bg5 Qf7 17. f3 b5 18. Bd3 bxc4 19. Bxc4 Bxc4 20. bxc4 Rxc4 21.
Nd5 Qa7 22. Kh1 Qc5 23. Rac1 fxe4 24. fxe4 Rxc1 25. Rxc1 Qb5 26. h3 Rf1+ 27.
Kh2 Rxc1 28. Qxc1 Qc5 29. Qb2 Qb5 30. Qf2 Qe8 31. Nf6+ Bxf6 32. Qxf6 Ne6 33.
Qe7 Qf7 34. Bh4 Qxe7 35. Bxe7 Kf7 36. Bxd6 Kf6 37. h4 g5 38. g3 g4 39. Kg2 Nd4
40. Kf2 Ke6 41. Bc5 Nf3 42. Ke3 Kd7 43. Kd3 Kc6 44. Be7 Kb5 45. a3 h5 46. Bd6
a5 47. Be7 Kc6 48. Bd8 a4 49. Be7 Kb5 50. Bd6 Kc6 51. Bb4 Kb5 52. Bd6 1/2-1/2

[Event "V Festival Mare di Fano A"]
[Site "Fano ITA"]
[Date "2016.08.03"]
[Round "6"]
[White "Klekowski, Maciej"]
[Black "Romanishin, Oleg M"]
[WhiteElo "2429"]
[BlackElo "2433"]
[Result "0-1"]
[PlyCount "76"]
[EventDate "2016.07.30"]

1. c4 e5 2. Nc3 Nf6 3. g3 d5 4. cxd5 Nxd5 5. Bg2 Nb6 6. e3 Nc6 7. Nge2 g6 8. b3
Bg7 9. Ba3 a5 10. Bxc6+ bxc6 11. d4 Nd5 12. Bc5 Bg4 13. Qd2 Bf3 14. Rg1 e4 15.
Qc2 Qd7 16. g4 Nxc3 17. Nxc3 f5 18. Rc1 f4 19. Nxe4 fxe3 20. Rg3 exf2+ 21. Kxf2
Bxg4 22. Re1 Kd8 23. Ng5 Kc8 24. d5 Bf5 25. Qc1 Qxd5 26. Rd1 Bb2 27. Qxb2 Qxc5+
28. Kg2 Re8 29. Rc3 Qb5 30. Rc4 Bg4 31. Nf3 Bxf3+ 32. Kxf3 Qh5+ 33. Rg4 Qh3+
34. Rg3 Rf8+ 35. Ke3 Qe6+ 36. Kd3 Qd5+ 37. Kc2 Rf2+ 38. Kc3 Qc5+ 0-1

[Event "V Festival Mare di Fano A"]
[Site "Fano ITA"]
[Date "2016.08.03"]
[Round "6"]
[White "Laketic, Gojko"]
[Black "Nemeth, Miklos"]
[WhiteElo "2413"]
[BlackElo "2467"]
[Result "1/2-1/2"]
[PlyCount "25"]
[EventDate "2016.07.30"]

1. d4 Nf6 2. Nf3 e6 3. c4 b6 4. g3 c6 5. Bg2 Be7 6. O-O O-O 7. Nc3 d5 8. Nd2
Bb7 9. b3 Na6 10. Bb2 Rc8 11. Rc1 Qd7 12. cxd5 cxd5 13. Nf3 1/2-1/2

[Event "V Festival Mare di Fano A"]
[Site "Fano ITA"]
[Date "2016.08.03"]
[Round "6"]
[White "Landi, Alberto"]
[Black "Liepold, Stefan"]
[WhiteElo "2004"]
[BlackElo "2236"]
[Result "1/2-1/2"]
[PlyCount "63"]
[EventDate "2016.07.30"]

1. e4 e6 2. d3 d5 3. Qe2 c5 4. Nf3 Nc6 5. g3 Nge7 6. Bg2 g6 7. O-O Bg7 8. e5
Qc7 9. Re1 O-O 10. Bg5 b5 11. Nbd2 Rb8 12. h4 Nf5 13. c3 h5 14. Nf1 b4 15. N1h2
bxc3 16. bxc3 f6 17. exf6 Bxf6 18. Bf4 Nd6 19. Rac1 Rb6 20. Ng5 Bxg5 21. hxg5
Qd8 22. Qe3 Nf7 23. d4 cxd4 24. cxd4 Nd6 25. Qd3 Nf5 26. g4 Nh4 27. Bg3 Ba6 28.
Qd2 Nxg2 29. Rxe6 Nxd4 30. Rxb6 Qxb6 31. Kxg2 Ne6 32. gxh5 1/2-1/2

[Event "V Festival Mare di Fano A"]
[Site "Fano ITA"]
[Date "2016.08.03"]
[Round "6"]
[White "Lavorgna, Francesco"]
[Black "Villar Nieves, Antonio"]
[WhiteElo "1887"]
[BlackElo "2175"]
[Result "0-1"]
[PlyCount "91"]
[EventDate "2016.07.30"]

1. c4 f5 2. Nc3 Nf6 3. d4 g6 4. Nf3 Bg7 5. Bg5 O-O 6. Bxf6 Bxf6 7. e4 c5 8.
exf5 cxd4 9. Nxd4 Qb6 10. Nb3 Bxc3+ 11. bxc3 Rxf5 12. Nd4 Rf8 13. Be2 Qf6 14.
O-O Nc6 15. f4 d6 16. Rb1 Nxd4 17. cxd4 b6 18. Bf3 Rb8 19. Be4 Be6 20. Qd3 Rbc8
21. d5 Bd7 22. Rf3 Rc7 23. Rbf1 Bf5 24. Bxf5 Qxf5 25. Qxf5 Rxf5 26. Rc3 Rxd5
27. Rfc1 Rdc5 28. Re3 Kf7 29. Kf2 b5 30. Rc2 Rxc4 31. Rxc4 bxc4 32. Rc3 Ke6 33.
Ke3 Kd5 34. g4 Kc5 35. f5 gxf5 36. gxf5 Rb7 37. Rc2 d5 38. Kd2 Rb1 39. a3 Rf1
40. f6 Rxf6 41. Ke3 d4+ 42. Ke4 Re6+ 43. Kf3 d3 44. Rb2 Kd4 45. Kf2 Kc3 46. Rb8
0-1

[Event "V Festival Mare di Fano A"]
[Site "Fano ITA"]
[Date "2016.08.03"]
[Round "6"]
[White "Legowo, Parahita Millyena"]
[Black "Kholopov, Alexander A"]
[WhiteElo "2085"]
[BlackElo "2289"]
[Result "0-1"]
[PlyCount "60"]
[EventDate "2016.07.30"]

1. e4 d6 2. d4 g6 3. Nc3 Bg7 4. Be3 a6 5. a4 Nd7 6. Nf3 Ngf6 7. h3 O-O 8. Bc4
e5 9. dxe5 dxe5 10. O-O Qe7 11. Qe2 c6 12. Rfd1 Nc5 13. Bxc5 Qxc5 14. Qd3 Nh5
15. Bb3 Nf4 16. Qd6 Qxd6 17. Rxd6 Be6 18. Bxe6 Nxe6 19. Rad1 Rfd8 20. Rd7 Rxd7
21. Rxd7 Nc5 22. Rc7 Bf8 23. Ng5 f6 24. Nf7 a5 25. b3 Re8 26. f3 h5 27. g4 Be7
28. Nd5 cxd5 29. exd5 Kxf7 30. d6 b6 0-1

[Event "V Festival Mare di Fano A"]
[Site "Fano ITA"]
[Date "2016.08.03"]
[Round "6"]
[White "Lioe, Dede"]
[Black "Priasmoro, Novendra"]
[WhiteElo "2357"]
[BlackElo "2309"]
[Result "1/2-1/2"]
[PlyCount "58"]
[EventDate "2016.07.30"]

1. Nf3 Nf6 2. c4 g6 3. b3 Bg7 4. Bb2 O-O 5. e3 d6 6. d4 Nbd7 7. Be2 e5 8. dxe5
Ng4 9. O-O Ngxe5 10. Nxe5 Nxe5 11. Nc3 Re8 12. Qd2 Bg4 13. f3 Be6 14. e4 g5 15.
Rad1 Ng6 16. Rf2 Be5 17. Nb5 Qe7 18. g3 a6 19. Nd4 Qf6 20. Nxe6 Rxe6 21. Bc1
Bc3 22. Qd3 Bb2 23. Bxb2 Qxb2 24. Bf1 Qe5 25. Bh3 Re7 26. Bf5 a5 27. Bxg6 hxg6
28. Qd5 Qxd5 29. Rxd5 f6 1/2-1/2

[Event "V Festival Mare di Fano A"]
[Site "Fano ITA"]
[Date "2016.08.03"]
[Round "6"]
[White "Matsenko, Andrei"]
[Black "Varvaglione, Antonio"]
[WhiteElo "2327"]
[BlackElo "2189"]
[Result "1-0"]
[PlyCount "125"]
[EventDate "2016.07.30"]

1. Nf3 Nf6 2. c4 g6 3. Nc3 d5 4. cxd5 Nxd5 5. Qb3 c6 6. e4 Nb6 7. d4 Bg7 8. Be3
Be6 9. Qc2 Nc4 10. Bf4 b5 11. Be2 O-O 12. O-O Bg4 13. Rad1 Bxf3 14. Bxf3 e5 15.
dxe5 Qe7 16. Be2 Nd7 17. Bxc4 bxc4 18. Qa4 Nxe5 19. Bxe5 Qxe5 20. Qxc4 Rab8 21.
Rd2 Rfd8 22. Rxd8+ Rxd8 23. Qxc6 Rd2 24. Qb7 Qa5 25. b4 Qd8 26. Nd5 Bd4 27. a4
Qh4 28. Qb8+ Kg7 29. Qf4 Qxf4 30. Nxf4 Kf6 31. g3 Ke5 32. Kg2 Kxe4 33. Re1+ Kf5
34. Re2 Rd1 35. Kf3 Be5 36. Ng2 Ra1 37. a5 Ke6 38. Nf4+ Kd6 39. Rd2+ Kc6 40.
Rc2+ Kd6 41. Nd3 Ra3 42. Ke2 Bc3 43. h4 Kd5 44. g4 h6 45. h5 gxh5 46. gxh5 f5
47. Rc1 Kd4 48. Ne1 Ra2+ 49. Kf3 Kc4 50. Nc2 Kd3 51. Ne3 Bxb4 52. Rd1+ Kc3 53.
Nd5+ Kc4 54. Nxb4 Kxb4 55. Rd6 Kxa5 56. Rxh6 Ra3+ 57. Kf4 Rh3 58. Kg5 Kb5 59.
Rf6 a5 60. Rxf5+ Kb6 61. Rf4 Kb5 62. h6 a4 63. Rh4 1-0

[Event "V Festival Mare di Fano A"]
[Site "Fano ITA"]
[Date "2016.08.03"]
[Round "6"]
[White "Matsenko, Vadim"]
[Black "Rago, Riccardo"]
[WhiteElo "2132"]
[BlackElo "2042"]
[Result "1/2-1/2"]
[PlyCount "103"]
[EventDate "2016.07.30"]

1. e4 c5 2. Nf3 Nc6 3. d4 cxd4 4. Nxd4 Nf6 5. Nc3 e5 6. Ndb5 d6 7. Bg5 a6 8.
Na3 b5 9. Nd5 Be7 10. Bxf6 Bxf6 11. c4 b4 12. Nc2 a5 13. g3 O-O 14. Bg2 Be6 15.
O-O Rc8 16. b3 Bxd5 17. exd5 Nd4 18. Nxd4 exd4 19. a3 Qb6 20. Qd3 Rb8 21. a4
Qc5 22. Rfe1 g6 23. Ra2 Rbe8 24. Rae2 Re5 25. Re4 Rfe8 26. Kf1 Kf8 27. f4 Rxe4
28. Rxe4 Rxe4 29. Bxe4 Bd8 30. g4 Bb6 31. f5 Qc8 32. Qg3 Qd8 33. g5 Bc5 34. Ke2
gxf5 35. Bxf5 Qe7+ 36. Kd3 f6 37. gxf6 Qxf6 38. Bxh7 Qf1+ 39. Kd2 Qa1 40. Qg8+
Ke7 41. Qg5+ Kd7 42. Bf5+ Kc7 43. Qe7+ Kb6 44. Qd8+ Ka7 45. Qc7+ Ka8 46. Qxa5+
Ba7 47. Qxb4 Qg1 48. Bd3 Qxh2+ 49. Be2 Qe5 50. Qb5 Qe3+ 51. Kd1 Bc5 52. Qa5+
1/2-1/2

[Event "V Festival Mare di Fano A"]
[Site "Fano ITA"]
[Date "2016.08.03"]
[Round "6"]
[White "Mazzini, Mauro"]
[Black "Scarpa, Silvia"]
[WhiteElo "2191"]
[BlackElo "1926"]
[Result "1/2-1/2"]
[PlyCount "80"]
[EventDate "2016.07.30"]

1. e4 c5 2. Nc3 Nc6 3. f4 g6 4. Nf3 Bg7 5. Bb5 Nd4 6. O-O a6 7. Bd3 d6 8. Nxd4
cxd4 9. Ne2 Nf6 10. Qe1 O-O 11. c3 dxc3 12. bxc3 e5 13. f5 d5 14. Ng3 dxe4 15.
Bc2 b5 16. Ba3 Re8 17. fxg6 hxg6 18. Nxe4 Nxe4 19. Bxe4 Qb6+ 20. Qf2 Qxf2+ 21.
Rxf2 Rb8 22. Bd6 Rb6 23. Bc5 Rf6 24. a4 Rxf2 25. Kxf2 bxa4 26. Rxa4 Rd8 27. d4
exd4 28. cxd4 Bf8 29. Bb6 Rd6 30. Bc7 Rd7 31. Bf4 Bg7 32. Ke3 Re7 33. Kf3 Bg4+
34. Kxg4 Rxe4 35. Rxa6 Rxd4 36. Kf3 Rb4 37. Ra3 Rc4 38. g4 Rc3+ 39. Rxc3 Bxc3
40. Ke4 Be1 1/2-1/2

[Event "V Festival Mare di Fano A"]
[Site "Fano ITA"]
[Date "2016.08.03"]
[Round "6"]
[White "Mirri, Pietro"]
[Black "Marzocchi, Tommaso"]
[WhiteElo "2011"]
[BlackElo "2068"]
[Result "1/2-1/2"]
[PlyCount "48"]
[EventDate "2016.07.30"]

1. d4 d5 2. Nf3 Nf6 3. e3 e6 4. Bd3 c5 5. c3 Nc6 6. Nbd2 Bd6 7. b3 cxd4 8. cxd4
O-O 9. h4 Nd7 10. Bb2 Nb6 11. Bxh7+ Kxh7 12. Ng5+ Kg6 13. h5+ Kxg5 14. h6 gxh6
15. Rh4 Kxh4 16. f4 Rg8 17. Nf3+ Kg4 18. Ne5+ Kf5 19. Qh5+ Ke4 20. Qf3+ Kf5 21.
Qh5+ Ke4 22. Qf3+ Kf5 23. Qh5+ Ke4 24. Qf3+ Kf5 1/2-1/2

[Event "V Festival Mare di Fano A"]
[Site "Fano ITA"]
[Date "2016.08.03"]
[Round "6"]
[White "Moroni, Luca jr"]
[Black "Fier, Alexandr"]
[WhiteElo "2457"]
[BlackElo "2616"]
[Result "1/2-1/2"]
[PlyCount "133"]
[EventDate "2016.07.30"]

1. c4 c6 2. d4 d5 3. Nc3 Nf6 4. e3 e6 5. Nf3 Nbd7 6. Qc2 Bd6 7. b3 O-O 8. Be2
b6 9. O-O Bb7 10. Bb2 Qe7 11. Rad1 Rad8 12. Rfe1 Rfe8 13. Bf1 c5 14. cxd5 exd5
15. g3 Rc8 16. Bg2 cxd4 17. Nxd4 Bb4 18. Rc1 Ne4 19. Ndb5 Ndf6 20. Qd3 Ba6 21.
Qd4 Rcd8 22. Nc7 Bxc3 23. Rxc3 Nxc3 24. Nxe8 Rxe8 25. Qxc3 Rc8 26. Qd2 Bb7 27.
Bxf6 Qxf6 28. Bxd5 Bxd5 29. Qxd5 g6 30. Qd2 Qc6 31. Rd1 h5 32. h4 Qc2 33. Qd7
a5 34. Rd2 Qb1+ 35. Rd1 Qc2 36. a4 Kg7 37. Qd4+ Kh7 38. Qd5 Kg8 39. Rd4 Qc5 40.
Qd7 Qc1+ 41. Kg2 Kg7 42. e4 Rc7 43. Qd6 Qc5 44. Rd5 Qc6 45. Qe5+ f6 46. Qd4 Re7
47. Kh2 Re6 48. Rd7+ Kg8 49. Rd8+ Kf7 50. Rd7+ Ke8 51. Rd5 Kf7 52. Qd3 Re7 53.
Qd4 Re6 54. Kh3 Qc8 55. Kg2 Qc6 56. Kh2 Ke7 57. Qd3 Kf7 58. Rd7+ Re7 59. Rxe7+
Kxe7 60. Qd4 Qe6 61. Qe3 Qd6 62. Qh6 Qd4 63. Qf4 Qc3 64. Qh6 Qd4 65. Qg7+ Ke6
66. Qg8+ Ke7 67. Qg7+ 1/2-1/2